[Event "Las Palmas op"]
[Site "Las Palmas"]
[Date "1995.??.??"]
[Round "4"]
[White "Izeta Txabarri, Felix"]
[Black "Morovic Fernandez, Ivan"]
[Result "1/2-1/2"]
[WhiteElo "2495"]
[BlackElo "2585"]

1.d4 Nf6 2.Nf3 g6 3.c4 Bg7 4.g3 O-O 5.Bg2 d6 6.Nc3 Nbd7 7.O-O e5 8.e4 c6
9.h3 Ne8 10.Re1 exd4 11.Nxd4 Qb6 12.Nb3 a5 13.Na4 Qb4 14.Nd2 Nc5 15.Nxc5 Qxc5
16.Rb1 f5 17.Qe2 Nf6 18.Nb3 Qb6 19.Be3 Qc7 20.exf5 Bxf5 21.Rbd1 Rae8 22.Qd2 a4
23.Nd4 Ne4 24.Qc1 Bc8 25.Qc2 Nc5 26.b4 axb3 27.axb3 Qb6 28.Qb1 Qb4 29.Bd2 Rxe1+
30.Bxe1 Qb6 31.b4 Ne6 32.Nxe6 Bxe6 33.Qd3 Re8 34.Bc3 Bxc3 35.Qxc3 Qc7 36.h4 Bf7
37.Rd4 Qe7 38.Re4  1/2-1/2

[Event "Las Palmas op"]
[Site "Las Palmas"]
[Date "1995.??.??"]
[Round "7"]
[White "Izeta Txabarri, Felix"]
[Black "Lezcano Jaen, Pedro"]
[Result "1-0"]
[WhiteElo "2495"]
[BlackElo "2340"]

1.d4 Nf6 2.Nf3 g6 3.c4 Bg7 4.g3 O-O 5.Bg2 d6 6.Nc3 Nbd7 7.O-O e5 8.e4 exd4
9.Nxd4 Re8 10.h3 Nc5 11.Re1 Bd7 12.Rb1 h6 13.Kh2 a6 14.b4 Ne6 15.Be3 Rb8
16.Qd2 Kh7 17.Rbd1 Ng5 18.f3 Qc8 19.Bxg5 hxg5 20.Qxg5 Re5 21.Qd2 Rh5 22.g4 Nxg4+
23.fxg4 Bxg4 24.Re3 Bxd1 25.Qxd1 c5 26.Nf5 Be5+ 27.Kh1 cxb4 28.Nd5 Qd8 29.Re1 Qg5
30.Rf1 Rh8 31.Rf3 Kg8 32.Nxd6 R8h7 33.Ne8 f5 34.exf5 gxf5 35.c5 Rh4 36.Re3 Bd4
37.Qf3 Bxe3 38.Nef6+ Kh8 39.Nxh7 Rxh7 40.Nxe3 Re7 41.Nd5 Re4 42.Qf2 Rc4 43.Qe2 Rxc5
44.Qe5+ Kh7 45.Nf6+ Kg6 46.Qxc5 Qxf6 47.Bxb7 Qc3 48.Qg1+ Kf6 49.Bg2 a5 50.Qd1 a4
51.Qd6+ Kg5 52.Qe7+ Kf4 53.h4 Qa1+ 54.Kh2 Qxa2 55.Qxb4+ Ke3 56.Qc5+ Ke2 57.Qe5+ Kd1
58.Qxf5 Qb3 59.Qd5+ Ke2 60.Qe5+ Kf2 61.Qf4+ Ke2 62.Qg3 Qb5 63.Qf3+ Kd2 64.Qd5+ Qxd5
65.Bxd5 Ke3 66.h5 Kd4 67.h6  1-0

[Event "Las Palmas op"]
[Site "Las Palmas"]
[Date "1995.??.??"]
[Round "8"]
[White "Kurajica, Bojan"]
[Black "Rodriguez, Blas"]
[Result "1-0"]
[WhiteElo "2595"]
[BlackElo "2265"]

1.d4 Nf6 2.Nf3 g6 3.g3 Bg7 4.Bg2 O-O 5.c4 d6 6.O-O c6 7.Nc3 Nbd7 8.e4 e5
9.b3 Qa5 10.Bd2 Qc7 11.Rc1 a5 12.h3 exd4 13.Nxd4 Nc5 14.Bf4 Nh5 15.Be3 Re8
16.Re1 h6 17.Qd2 Kh7 18.Rcd1 Nf6 19.Qc2 Nfd7 20.f4 Bf8 21.Bf2 Ne6 22.Nf3 Be7
23.a3 Ndf8 24.Na4 Nc5 25.Nxc5 dxc5 26.a4 Bd7 27.Ne5 Be6 28.Nd3 b6 29.f5 Bc8
30.g4 Bg5 31.h4 Bd8 32.Qc3 Ra7 33.Bf3  1-0

[Event "Las Palmas op"]
[Site "Las Palmas"]
[Date "1995.??.??"]
[Round "9"]
[White "Izeta Txabarri, Felix"]
[Black "Hernandez, Gilberto"]
[Result "1/2-1/2"]
[WhiteElo "2495"]
[BlackElo "2525"]

1.d4 Nf6 2.Nf3 g6 3.c4 Bg7 4.g3 O-O 5.Bg2 d6 6.Nc3 c6 7.O-O Qa5 8.h3 Qa6
9.Qd3 d5 10.Qe3 Qxc4 11.Qxe7 Re8 12.Qa3 Bf8 13.Qb3 Qxb3 14.axb3 Bf5 15.Bf4 h6
16.g4 Bc2 17.Rfc1 Be4 18.Bxb8 Rexb8 19.Ne5 Bxg2 20.Kxg2 Re8 21.e3 Bd6 22.Nd3 a6
23.Re1 Re7 24.Re2 Rd8 25.f3 Kg7 26.b4 Rde8 27.Rae1 Rd8 28.Na4 Bb8 29.Nac5 Bd6
30.Nb3 Nd7 31.Ndc5 Nf8 32.Na5 Rb8 33.Kf2 Ne6 34.Rc1 Nd8 35.Rec2 Ra8 36.Nd3  1/2-1/2

[Event "Las Palmas op"]
[Site "Las Palmas"]
[Date "1995.??.??"]
[Round "9"]
[White "Komljenovic, Davor"]
[Black "Palacios Perez, Manuel"]
[Result "1-0"]
[WhiteElo "2485"]
[BlackElo "2145"]

1.d4 Nf6 2.Nf3 g6 3.g3 Bg7 4.c4 O-O 5.Bg2 d6 6.O-O c5 7.d5 Na6 8.Nc3 Nc7
9.e4 Rb8 10.a4 e5 11.Ne1 Nfe8 12.Nd3 f5 13.Be3 Bd7 14.Qd2 Nf6 15.Bg5 Rf7
16.f4 h6 17.Bxf6 Bxf6 18.fxe5 Bxe5 19.Nxe5 dxe5 20.Qxh6 Rg7 21.Rae1 Qe8 22.d6 Rh7
23.Qd2 Ne6 24.exf5 gxf5 25.Rxf5  1-0

[Event "Lazne Bohdanec (Women)"]
[Site "Lazne Bohdanec"]
[Date "1995.??.??"]
[Round "?"]
[White "Baginskaite, Kamile"]
[Black "Repkova Eid, Eva"]
[Result "0-1"]
[WhiteElo "2335"]
[BlackElo "2250"]

1.d4 Nf6 2.c4 g6 3.Nf3 Bg7 4.g3 O-O 5.Bg2 d6 6.O-O Nbd7 7.Nc3 e5 8.e4 exd4
9.Nxd4 Re8 10.h3 Nc5 11.Re1 Bd7 12.Rb1 a5 13.b3 h6 14.Bb2 Nh7 15.f4 Nf6 16.Kh2 c6
17.a3 Qb6 18.Ba1 Nh5 19.Nde2 Qc7 20.b4 axb4 21.axb4 Ne6 22.Qd2 Rad8 23.Nd1 Bc8
24.Ne3 Nf6 25.Bc3 Qb6 26.Rbd1 h5 27.b5 Rd7 28.bxc6 bxc6 29.Rb1 Qd8 30.Qc2 h4
31.g4 Nc5 32.e5 dxe5 33.fxe5 Qc7 34.Kh1 Nd3 35.exf6 Rxe3 36.fxg7 Nxe1 37.Rxe1 Rdd3
38.Ng1 Rxc3 39.Qd2 Rcd3 40.Qf2 Rxe1 41.Qxe1 Kxg7 42.Qxh4 Rd1 43.Qf2 Be6 44.Bf3 Rd8
45.Qc5 Qf4 46.Qxc6 Rd2 47.Bg2 Bxc4 48.Qe4 Qf2 49.Qf3 Qd4 50.Qe4 Qc3 51.Nf3 Bd5
52.Qf4 Rf2  0-1

[Event "GER-ch U20 Girls"]
[Site "Leipzig"]
[Date "1995.??.??"]
[Round "6"]
[White "Pramann, Adele"]
[Black "Bielicki, Birke"]
[Result "1/2-1/2"]
[WhiteElo "2085"]
[BlackElo "2085"]

1.d4 Nf6 2.c4 g6 3.g3 Bg7 4.Bg2 d6 5.Nf3 O-O 6.O-O Nbd7 7.Qc2 e5 8.Rd1 exd4
9.Nxd4 Re8 10.e4 a6 11.Nc3 Rb8 12.b3 c5 13.Nde2 b5 14.cxb5 axb5 15.Bf4 Ne5
16.a4 bxa4 17.bxa4 Ba6 18.Rab1 Rxb1 19.Qxb1 Qa5 20.Rxd6 Bxe2 21.Nxe2 Qxa4
22.Qd1 Qxd1+ 23.Rxd1 c4 24.Rc1 Nfd7 25.Bxe5 Nxe5 26.f4 Ng4 27.Bf3 Nf6 28.Rxc4 Rd8
29.e5 Ne8 30.Rc2 Bf8 31.Kf2 h5 32.h3 Ng7 33.g4 hxg4 34.Bxg4 Be7 35.Rc8 Bh4+
36.Kf3 f5 37.exf6 Rxc8 38.Bxc8 Bxf6 39.Ng3 Nh5 40.Ne4 Bd8 41.Bg4 Nf6 42.Ng5 Bc7
43.Ne6 Bd6 44.Nd4 Kh8 45.Be6 Nh5 46.Ne2 Nxf4 47.Nxf4 Bxf4 48.Kxf4 Kh7 49.Kg5 Kg7
50.Bg4 Kh7 51.Kf6 Kh8 52.Be2 Kg8 53.h4 Kh7 54.Bc4 Kh8 55.Bd3 Kg8  1/2-1/2

[Event "Leon"]
[Site "Leon"]
[Date "1995.??.??"]
[Round "8"]
[White "Akopian, Vladimir"]
[Black "Sokolov, Ivan"]
[Result "1/2-1/2"]
[WhiteElo "2655"]
[BlackElo "2645"]

1.Nf3 Nf6 2.c4 g6 3.d4 Bg7 4.g3 O-O 5.Bg2 d6 6.Nc3 c6 7.O-O Qa5 8.h3 Be6
9.d5 cxd5 10.Nd4 Bd7 11.cxd5 Rc8 12.Be3 Be8 13.Qb3 Qa6 14.Rfc1 Nbd7 15.Qb5 Qxb5
16.Ncxb5 Nb6 17.Nc7 Rab8 18.Rc2 Bd7 19.Rac1 Na4 20.Nb3 Bf5 21.Rc4 Nb6 22.Rb4 Nfd7
23.Na5 Nc5 24.Nb5 Na6 25.Rxc8+ Nxc8 26.Rc4 Nb6 27.Rf4 Be5 28.Rh4 f6 29.Nxa7 g5
30.f4 gxh4 31.fxe5 Nc5 32.b4 Nca4 33.exd6 exd6 34.Nb5 Bb1 35.Nxd6 Bxa2 36.Bd4 Bxd5
37.e4 Be6 38.gxh4 Nd7 39.Naxb7 Nab6 40.Kf2 Nc4 41.b5  1/2-1/2

[Event "Liechtenstein op"]
[Site "Liechtenstein"]
[Date "1995.??.??"]
[Round "?"]
[White "Espig, Lutz"]
[Black "Frick, Renato"]
[Result "1-0"]
[WhiteElo "2415"]
[BlackElo "2140"]

1.Nf3 Nf6 2.c4 g6 3.d4 Bg7 4.g3 d6 5.Bg2 O-O 6.O-O Nc6 7.Nc3 a6 8.Bd2 e5
9.d5 Na5 10.b3 c6 11.Rc1 cxd5 12.cxd5 Bd7 13.Ne1 b5 14.Nd3 Rc8 15.Nb4 Qb6
16.e3 Rc7 17.h3 Rfc8 18.Qe2 Nb7 19.Rfd1 Nd8 20.a3 Ne8 21.Qe1 f5 22.Nc6 Bf6
23.Na2 Nxc6 24.dxc6 Rxc6 25.Ba5 Qa7 26.Bxc6 Rxc6 27.Nb4 Rxc1 28.Rxc1 f4 29.exf4 exf4
30.g4 Qb7 31.Qd2 g5 32.Qd5+ Qxd5 33.Nxd5 Bb2 34.Re1 Bxa3 35.Bc3 a5 36.Bxa5 Bb2
37.Re7 Bc6 38.Nb4 Bf6 39.Nxc6  1-0

[Event "Linares zt"]
[Site "Linares"]
[Date "1995.??.??"]
[Round "1"]
[White "Garcia Ilundain, David"]
[Black "Gentilleau, Jean Philippe"]
[Result "1-0"]
[WhiteElo "2510"]
[BlackElo "2225"]

1.Nf3 Nf6 2.d4 g6 3.c4 Bg7 4.g3 O-O 5.Bg2 d6 6.O-O Nbd7 7.Nc3 e5 8.Rb1 h6
9.b4 exd4 10.Nxd4 Ne5 11.Qb3 c5 12.bxc5 dxc5 13.Nc2 Nc6 14.Rd1 Qe7 15.Bf4 Rd8
16.Rxd8+ Nxd8 17.Ne3 Ne6 18.Bxb7 Nd4 19.Qb2 Bxb7 20.Qxb7 Qe8 21.Be5 Nd7 22.Bd6 Rc8
23.Ned5 Nc6 24.Bc7 Ncb8 25.Rb5  1-0

[Event "Linares zt"]
[Site "Linares"]
[Date "1995.??.??"]
[Round "8"]
[White "Cacho Reigadas, Sergio"]
[Black "Nijboer, Friso"]
[Result "1/2-1/2"]
[WhiteElo "2400"]
[BlackElo "2485"]

1.d4 Nf6 2.c4 g6 3.Nf3 Bg7 4.g3 O-O 5.Bg2 d6 6.O-O a6 7.Nc3 Nc6 8.h3 Rb8
9.Bg5 h6 10.Be3 e6 11.Qd2 Kh7 12.Rfd1 Na5 13.b3 b5 14.Nxb5 Nxb3 15.axb3 axb5
16.Ra7 bxc4 17.bxc4 c6 18.Qa2 Rb7 19.Rb1 Rxa7 20.Qxa7 Nd7 21.c5 dxc5 22.dxc5 e5
23.Rd1 e4 24.Ne1 Qe8 25.Rd6 Ne5 26.Bd4 f5 27.Nc2 Rf7 28.Qa2 Re7 29.Nb4 Nf7
30.Nxc6 Rc7 31.Bxg7 Nxd6 32.cxd6 Rxc6 33.Qa7 Qd7 34.Qxd7 Bxd7 35.Be5 Rc5
36.Bf6 Kg8 37.f3 Kf7 38.Bd4 Rd5 39.Be3 Rxd6 40.fxe4 fxe4 41.Bxh6 Bc6 42.Kf2 Rd7
43.Ke3 Re7 44.Bg5 Re6 45.Bf4 Re8 46.h4 Ra8 47.Bh3 Ra2 48.Bg4 Ra3+  1/2-1/2

[Event "Linares zt"]
[Site "Linares"]
[Date "1995.??.??"]
[Round "10"]
[White "Garcia Paolicchi, Raul"]
[Black "Quadrio, Alexandre"]
[Result "1-0"]
[WhiteElo "2295"]
[BlackElo "2225"]

1.d4 Nf6 2.Nf3 g6 3.c4 Bg7 4.g3 O-O 5.Bg2 d6 6.O-O Nbd7 7.Qc2 e5 8.Rd1 exd4
9.Nxd4 Re8 10.Nc3 a5 11.Ndb5 Nc5 12.e4 Rb8 13.Bf4 Bd7 14.f3 Ne6 15.Be3 Qe7
16.Qd2 Rbd8 17.Rac1 Bc6 18.g4 Rd7 19.g5 Nh5 20.Bh3 Be5 21.Ne2 Rdd8 22.Bg4 Bg7
23.Bxh5 gxh5 24.Ng3 f6 25.Nf5 Qf7 26.h4 fxg5 27.hxg5 Qg6 28.Kh1 Rf8 29.Ne7+  1-0

[Event "Lippstadt"]
[Site "Lippstadt"]
[Date "1995.??.??"]
[Round "5"]
[White "Stangl, Markus"]
[Black "Forster, Richard"]
[Result "1-0"]
[WhiteElo "2560"]
[BlackElo "2370"]

1.Nf3 Nf6 2.c4 g6 3.d4 Bg7 4.g3 O-O 5.Bg2 d6 6.O-O c6 7.b3 Bg4 8.Bb2 Nbd7
9.Nbd2 e5 10.e4 exd4 11.Bxd4 Ne5 12.Qc2 Re8 13.Rfe1 Nfd7 14.Bc3 Nxf3+ 15.Bxf3 Bxf3
16.Nxf3 Bxc3 17.Qxc3 Qf6 18.Nd4 Re7 19.Re3 Rae8 20.Rae1 h5 21.Kg2 a6 22.Qd2 Nc5
23.f3 h4 24.Ne2 Re5 25.Qc3 Qe7 26.b4 Nd7 27.Nf4 hxg3 28.hxg3 Nf6 29.Nd3 Rh5
30.Nf2 Qe5 31.Rd1 Qe6 32.g4 Rg5 33.Ree1 Kg7 34.Rh1 d5 35.cxd5 cxd5 36.Qd2 Nxe4
37.fxe4 Rxg4+ 38.Kf1 Rxe4 39.Nxe4 dxe4 40.Qd4+ Qe5 41.Rh4 Qxd4 42.Rxd4 f5
43.Rd7+ Kf6 44.Rxb7 g5 45.Rhh7 Rc8 46.Rbc7 Rd8 47.Rhf7+ Ke6 48.Rce7+ Kd6
49.Ra7 Ke6 50.Rfe7+ Kd6 51.Ke2 Rh8 52.Rh7 Rc8 53.Rxa6+ Ke5 54.Ra5+  1-0

[Event "Litomysl op"]
[Site "Litomysl"]
[Date "1995.??.??"]
[Round "7"]
[White "Beil, Zdenek"]
[Black "Jedlicka, Ales"]
[Result "1-0"]
[WhiteElo "2315"]
[BlackElo "2185"]

1.d4 Nf6 2.Nf3 g6 3.c4 Bg7 4.g3 O-O 5.Bg2 d6 6.O-O Nc6 7.Nc3 e5 8.d5 Ne7
9.e4 Nd7 10.Rb1 h6 11.b4 f5 12.exf5 Nxf5 13.Ne4 Nf6 14.Nfd2 Nxe4 15.Nxe4 Nd4
16.Be3 a5 17.Qd2 Kh7 18.Bxd4 exd4 19.bxa5 Ra7 20.c5 dxc5 21.Nxc5 Qd6 22.Rfc1 Rf5
23.Ne4 Qd8 24.Rb5 c6 25.Rbc5 Rxd5 26.Nf6+ Bxf6 27.Bxd5 Bf5 28.Bc4 d3 29.Rxf5 gxf5
30.Bxd3 Qd5 31.Qc2 Rxa5 32.Bc4 Qe5 33.Qd2 Rc5 34.Re1 Qd4 35.Re7+ Kg6 36.Bf7+ Kg7
37.Qxd4 Bxd4 38.Rxb7 Kf6 39.Bb3 Rc1+ 40.Kg2 Rb1 41.Rb4 c5 42.Rc4 Rb2 43.Rc2 Rxc2
44.Bxc2 c4 45.f3 Be3 46.h3 f4 47.gxf4 Bxf4 48.Kf2 Ke5 49.a4 Bd2 50.Kg3 Bf4+
51.Kg4 Bd2 52.h4 Be1 53.f4+ Kf6 54.h5 Bd2 55.Kf3 Bc3 56.Ke4 Bd2 57.Bb1 Ke6
58.Ba2 Kf6 59.Bxc4 Ba5 60.Bb5 Bc3 61.Be8 Bd2 62.Bg6 Bc3 63.Kd5 Ke7 64.Kc6 Kd8
65.Kb5 Kc7 66.Bd3 Bd4 67.a5 Bf2 68.a6 Kd6 69.Be4 Bd4 70.Kc4 Bb6 71.Bb7 Bf2
72.Kd3 Bb6 73.Ke4 Ke6 74.Bc8+ Ke7 75.Bh3  1-0

[Event "Ljubljana op"]
[Site "Ljubljana"]
[Date "1995.??.??"]
[Round "6"]
[White "Dizdar, Goran"]
[Black "Markun, Bostjan"]
[Result "1-0"]
[WhiteElo "2535"]
[BlackElo "2285"]

1.d4 Nf6 2.Nf3 g6 3.c4 Bg7 4.g3 O-O 5.Bg2 d6 6.O-O Nbd7 7.Nc3 e5 8.e4 exd4
9.Nxd4 Re8 10.Re1 Ng4 11.h3 Nge5 12.b3 Nc5 13.Be3 a5 14.Qc2 c6 15.Rad1 Qb6
16.a3 a4 17.Nxa4 Nxa4 18.Nb5 Qd8 19.Nxd6 Nb2 20.Rd2 Rf8 21.a4 Nbd3 22.Rxd3 Nxd3
23.Qxd3 Qa5 24.Bd2 Qb6 25.e5 Rd8 26.Bg5 Rd7 27.Nxc8  1-0

[Event "Ljubljana op"]
[Site "Ljubljana"]
[Date "1995.??.??"]
[Round "8"]
[White "Dizdar, Goran"]
[Black "Mazi, Leon"]
[Result "1-0"]
[WhiteElo "2535"]
[BlackElo "2345"]

1.d4 Nf6 2.Nf3 g6 3.g3 Bg7 4.Bg2 O-O 5.c4 d6 6.O-O Nbd7 7.Nc3 e5 8.e4 c6
9.h3 a5 10.Re1 exd4 11.Nxd4 Re8 12.Bf4 Ne5 13.b3 Nfd7 14.Be3 Nc5 15.Re2 a4
16.Rb1 axb3 17.axb3 Qe7 18.Qc2 Na6 19.Na2 Nc5 20.f4 Ned7 21.Bf2 Nf8 22.Rd1 Qc7
23.Rb1 Bd7 24.Nc3 Ra3 25.b4 Nce6 26.Nb3 Nd8 27.Qc1 Ra8 28.c5 f6 29.cxd6 Qxd6
30.Rd2 Qe7 31.Nc5 Bc8 32.N3a4 Qc7 33.Qc2 Nf7 34.b5 cxb5 35.Nc3 Nd6 36.Rbd1 Nf7
37.Nd5 Qd8 38.Nb3 Be6 39.Nb6 Qb8 40.Nxa8 Qxa8 41.Qb2 g5 42.Nd4 gxf4 43.gxf4 Nd6
44.Nxe6 Nc4 45.Qxb5  1-0

[Event "POL-chT"]
[Site "Lubniewice"]
[Date "1995.??.??"]
[Round "3"]
[White "Jasnikowski, Zbigniew"]
[Black "Staniszewski, Piotr"]
[Result "1/2-1/2"]
[WhiteElo "2425"]
[BlackElo "2405"]

1.d4 Nf6 2.Nf3 g6 3.c4 Bg7 4.g3 O-O 5.Bg2 d6 6.Nc3 Bg4 7.h3 Bxf3 8.Bxf3 Nc6
9.e4 Nd7 10.h4 Nb6 11.b3 e5 12.d5 Nd4 13.Bb2 Nxf3+ 14.Qxf3 c5 15.O-O-O a5
16.a4 Rb8 17.Nb5  1/2-1/2

[Event "POL-chT"]
[Site "Lubniewice"]
[Date "1995.??.??"]
[Round "6"]
[White "Jaworski, Miroslaw"]
[Black "Socko, Bartosz"]
[Result "1/2-1/2"]
[WhiteElo "2360"]
[BlackElo "2485"]

1.d4 Nf6 2.c4 g6 3.Nf3 Bg7 4.g3 O-O 5.Bg2 d6 6.O-O Nbd7 7.Nc3 e5 8.e4 exd4
9.Nxd4 Re8 10.h3 a6 11.Re1 Rb8 12.Rb1 Nc5 13.b4 Ne6 14.Be3 Nxd4 15.Bxd4 Be6
16.Nd5  1/2-1/2

[Event "Mainz op"]
[Site "Mainz"]
[Date "1995.??.??"]
[Round "9"]
[White "Bandza, Algirdas"]
[Black "Schiffer, Steve"]
[Result "1-0"]
[WhiteElo "2400"]
[BlackElo "2125"]

1.Nf3 g6 2.d4 Bg7 3.c4 d6 4.g3 Nf6 5.Bg2 O-O 6.O-O a5 7.Nc3 c6 8.e4 Qc7 9.h3 e5
10.Be3 exd4 11.Nxd4 Nbd7 12.Qc2 Nc5 13.Rad1 Re8 14.Rfe1 Be6 15.b3 Rad8 16.f4 Bc8
17.Bf3 Re7 18.Ndb5 cxb5 19.Nxb5 Qb6 20.a3 Bd7 21.Rxd6 Bc6 22.b4 axb4 23.axb4 Rxd6
24.bxc5 Rd2 25.Qxd2 Qa6 26.e5 Ne8 27.Nd6 Nc7 28.Bd5 Ne8 29.e6 fxe6 30.Bxe6+ Kf8
31.Nxe8 Bxe8 32.Qd6 Qc6 33.Qxe7+ Kxe7 34.Bd5 Kf8 35.Bxc6 Bxc6 36.Rd1 Bf6
37.Bd4 Be7 38.Kf2 Kf7 39.Ke3 Bf8 40.g4 Be7 41.Rd2 Bd8  1-0

[Event "CRO-chT"]
[Site "Makarska Tucepi"]
[Date "1995.??.??"]
[Round "?"]
[White "Petek Medic, Mirjana"]
[Black "Poljak, Srebrenka"]
[Result "1-0"]
[WhiteElo "2360"]
[BlackElo "2075"]

1.d4 Nf6 2.c4 g6 3.Nf3 Bg7 4.g3 d6 5.Bg2 O-O 6.O-O c6 7.Nc3 Qa5 8.h3 e5 9.e4 exd4
10.Nxd4 Nbd7 11.Re1 Ne5 12.Bf1 Re8 13.Be3 Be6 14.Nxe6 Rxe6 15.Kg2 Rae8 16.Qc2 a6
17.b4 Qc7 18.Rac1 b5 19.cxb5 cxb5 20.Nd5 Qxc2 21.Rxc2 Nxd5 22.exd5 R6e7 23.Rec1 f5
24.a4 Nc4 25.Bxc4 bxc4 26.Rxc4 Rb7 27.a5 Rb5 28.Rc6 Rxb4 29.Rxa6 Rb5 30.Rc7 Rxd5
31.Raa7 Bd4 32.Bxd4 Rxd4 33.Rg7+ Kh8 34.Rxh7+ Kg8 35.Rhg7+ Kh8 36.Rxg6 Rf8
37.Rgg7 Re8 38.Rgf7 Rd5 39.h4  1-0

[Event "CRO-chT"]
[Site "Makarska Tucepi"]
[Date "1995.??.??"]
[Round "?"]
[White "Petek Medic, Mirjana"]
[Black "Misanovic, Vesna"]
[Result "1/2-1/2"]
[WhiteElo "2360"]
[BlackElo "2360"]

1.d4 Nf6 2.Nf3 g6 3.g3 Bg7 4.Bg2 O-O 5.c4 d6 6.O-O c5 7.d5 e6 8.Nc3 exd5
9.cxd5 Na6 10.Nd2 Nc7 11.a4 b6 12.Re1 Rb8 13.h3 a6 14.e4 b5 15.axb5 axb5
16.Nb3 b4 17.Na4 Nb5 18.e5 dxe5 19.Naxc5 Ne8 20.Be3 Ned6 21.Na5 Ra8 22.Nc6 Rxa1
23.Qxa1 Qc7 24.Qa4 Nd4 25.Bxd4 exd4 26.Re7 Qb6 27.Qxb4 Qxb4 28.Nxb4 Bf6 29.Re1 h5
30.Nc6 Bf5 31.Rd1 Nc4 32.b3 Nb2  1/2-1/2

[Event "Capablanca mem-C"]
[Site "Matanzas"]
[Date "1995.??.??"]
[Round "1"]
[White "Alonso, Rene"]
[Black "Pupo, Emilio"]
[Result "1-0"]
[WhiteElo "2380"]
[BlackElo "2320"]

1.d4 Nf6 2.c4 g6 3.Nf3 Bg7 4.g3 O-O 5.Bg2 d6 6.O-O Nbd7 7.Nc3 e5 8.h3 Re8
9.e4 exd4 10.Nxd4 Nc5 11.Re1 a5 12.Ndb5 Be6 13.b3 Nfd7 14.Qc2 Ne5 15.Rd1 Qc8
16.Kh2 Nc6 17.Be3 f5 18.exf5 Bxf5 19.Qd2 a4 20.bxa4 Nxa4 21.Nd5 Bxa1 22.Rxa1 Re7
23.Nxe7+ Nxe7 24.Bg5 Qd7 25.Re1 Re8 26.Qe3 Kf7 27.g4  1-0

[Event "Capablanca mem-C"]
[Site "Matanzas"]
[Date "1995.??.??"]
[Round "7"]
[White "Elissalt Cardenas, Hector"]
[Black "Andonovski, Ljubisa"]
[Result "1-0"]
[WhiteElo "2380"]
[BlackElo "2290"]

1.d4 Nf6 2.c4 g6 3.Nf3 Bg7 4.g3 O-O 5.Bg2 d6 6.O-O Nbd7 7.Nc3 e5 8.e4 exd4
9.Nxd4 Re8 10.h3 Nc5 11.Re1 Bd7 12.Bf4 a6 13.Qd2 Rb8 14.Rad1 b5 15.cxb5 axb5
16.b4 Ne6 17.Be3 Nxd4 18.Bxd4 Qc8 19.e5 dxe5 20.Bxe5 Be6 21.Bc6 Rf8 22.Nxb5 Bxh3
23.Nxc7 Qg4 24.b5 Rb6 25.Qf4 Qxf4 26.Bxf4 Bg4 27.Rc1 Rd8 28.a4  1-0

[Event "Capablanca mem-C"]
[Site "Matanzas"]
[Date "1995.??.??"]
[Round "13"]
[White "Elissalt Cardenas, Hector"]
[Black "Reyes Najera, Carlos A"]
[Result "1-0"]
[WhiteElo "2380"]
[BlackElo "2255"]

1.d4 Nf6 2.c4 g6 3.Nf3 Bg7 4.g3 O-O 5.Bg2 d6 6.O-O Nbd7 7.Nc3 e5 8.h3 c6
9.e4 Re8 10.Re1 exd4 11.Nxd4 Nc5 12.Qc2 a5 13.Bf4 Nh5 14.Be3 Qe7 15.Rad1 Bd7
16.g4 Nf6 17.Bf4 Rad8 18.Nb3 Bc8 19.Nxa5 h5 20.f3 hxg4 21.hxg4 Ne6 22.Be3 Nd7
23.b4 Be5 24.Ne2 Qf6 25.Nb3 Nf4 26.Nbd4 Nf8 27.Nxf4 Bxf4 28.Bxf4 Qxf4 29.Qd2 Qxd2
30.Rxd2 d5 31.cxd5 cxd5 32.e5 Bd7 33.Kf2 Rc8 34.f4 Bxg4 35.Bxd5 Rc7 36.Nb5 Rd7
37.Nd6 Rb8 38.Ne4 Kg7 39.Nf6 Bf5 40.Nxd7 Nxd7 41.e6 Nf6 42.e7  1-0

[Event "Fide Mercenarios 2nd"]
[Site "MEX"]
[Date "1995.??.??"]
[Round "?"]
[White "Casillas, Jose J"]
[Black "Norgaard, Jesper"]
[Result "0-1"]
[WhiteElo "2165"]
[BlackElo "2330"]

1.d4 Nf6 2.c4 g6 3.Nf3 Bg7 4.g3 O-O 5.Bg2 d6 6.Nc3 Nc6 7.O-O a6 8.h3 Rb8
9.d5 Na5 10.Qd3 c5 11.e4 b5 12.Nd2 Bd7 13.Rb1 bxc4 14.Nxc4 Nxc4 15.Qxc4 Bb5
16.Nxb5 axb5 17.Qe2 b4 18.b3 Qa5 19.Bb2 Qxa2 20.Ra1 Qxb3 21.e5 Nd7 22.Rfb1 Ra8
23.Rxa8 Rxa8 24.e6 Ne5 25.f4 Qd3 26.Qe1 Nf3+ 27.Bxf3 Bxb2 28.exf7+ Kf8 29.Bg4 Bc3
30.Rd1 Ra1 31.Rxd3 Rxe1+ 32.Kf2 Rc1 33.Rd1 Rc2+ 34.Ke3 Bd4+ 35.Ke4 Kxf7 36.Be6+ Kg7
37.g4 b3 38.Rd3 b2 39.Rb3 Rc3  0-1

[Event "Minsk"]
[Site "Minsk"]
[Date "1995.??.??"]
[Round "12"]
[White "Fominyh, Alexander"]
[Black "Mochalov, Evgeny V"]
[Result "1-0"]
[WhiteElo "2520"]
[BlackElo "2455"]

1.d4 Nf6 2.Nf3 g6 3.c4 Bg7 4.g3 O-O 5.Bg2 d6 6.O-O c6 7.Nc3 Nbd7 8.Qc2 e5
9.Rd1 Qe7 10.e4 exd4 11.Nxd4 Ne5 12.Qe2 Re8 13.Be3 a6 14.h3 Rb8 15.f4 Ned7
16.Bf2 c5 17.Nb3 b5 18.Na5 Rb6 19.Qd2 Qf8 20.Re1 b4 21.Nd5 Nxd5 22.exd5 Nf6
23.Rxe8 Nxe8 24.Re1 Bd7 25.Nc6 Bf6 26.g4 Ng7 27.Bf3 a5 28.Re2 a4 29.Qe1 Rb7
30.Qd1 b3 31.a3 Ne8 32.Qd2 Bxc6 33.dxc6 Ra7 34.Kh1 Nc7 35.f5 Be5 36.Bxc5 dxc5
37.Rxe5 Ra8 38.Qd7 Qh6 39.Kg2 Qc1 40.Qxc7 Qxb2+ 41.Re2 Qxa3 42.Qb7  1-0

[Event "Mislata op 4th"]
[Site "Mislata"]
[Date "1995.??.??"]
[Round "8"]
[White "Sanchez Guirado, Francisco"]
[Black "Oltra Caurin, Ramon"]
[Result "1/2-1/2"]
[WhiteElo "2345"]
[BlackElo "2390"]

1.d4 Nf6 2.Nf3 g6 3.c4 Bg7 4.g3 O-O 5.Bg2 d6 6.O-O Nbd7 7.Nc3 e5 8.e4 a6
9.h3 b5 10.dxe5 dxe5 11.Be3 Bb7 12.Qc2 Qe7 13.Rfd1 Rfc8 14.cxb5 axb5 15.Nd2 c6
16.a4 bxa4 17.Nxa4 Bf8 18.Nc4 Qe6 19.Nab6 Rxa1 20.Rxa1 Nxb6 21.Nxb6 Rb8 22.Bc5 Nd7
23.Nxd7 Qxd7 24.Ra7 Bxc5 25.Qxc5 Qd4 26.b4 Bc8 27.Rc7  1/2-1/2

[Event "Mlada Boleslav op"]
[Site "?"]
[Date "1995.??.??"]
[Round "?"]
[White "Buturin, Vladimir"]
[Black "Jirovsky, Petr"]
[Result "1-0"]
[WhiteElo "2430"]
[BlackElo "2255"]

1.d4 Nf6 2.Nf3 g6 3.c4 Bg7 4.g3 O-O 5.Bg2 d6 6.O-O Nbd7 7.Qc2 e5 8.Rd1 c6
9.dxe5 dxe5 10.Nxe5 Qe7 11.Nxd7 Bxd7 12.Nc3 Rfe8 13.Bf4 Bf5 14.Qb3 Ne4 15.Nxe4 Bxe4
16.f3 Bf5 17.e4 Be6 18.Bd6 Qf6 19.e5 Qf5 20.f4 Bf8 21.Bxf8 Rxf8 22.Qc3 Rfd8
23.b3 Kg7 24.Rd6 g5 25.fxg5 Qxg5 26.Rf1 Kg8 27.c5 Re8 28.h4 Qg7 29.Rf6 Re7
30.Kh2 Rae8 31.Qd4 Bc8 32.Rd8 Qf8 33.Rfd6 Bf5 34.Rxe8 Rxe8 35.Qf4 Be6 36.h5 Qg7
37.Bf3 h6 38.Qf6 Qh7 39.g4 Qc2+ 40.Kg3 Qc1 41.Rd1 Qc3 42.Qxh6 Bd5 43.Qg5+ Kf8
44.Qh6+ Kg8 45.Qg5+ Kf8 46.Qf4 Rxe5 47.Rc1 Qb2 48.Bxd5 Rxd5 49.Rf1 Qc3+ 50.Kh4 f5
51.Qb8+ Ke7 52.Qxb7+ Rd7 53.Qxc6 fxg4 54.Qe4+ Kd8 55.Qa8+ Kc7 56.Qxa7+  1-0

[Event "Moscow3"]
[Site "Moscow"]
[Date "1995.??.??"]
[Round "?"]
[White "Guliev, Sarhan"]
[Black "Zaitsev, Igor A"]
[Result "1/2-1/2"]
[WhiteElo "2470"]
[BlackElo "2455"]

1.d4 Nf6 2.c4 g6 3.Nf3 Bg7 4.g3 O-O 5.Bg2 d6 6.O-O Nc6 7.Nc3 Bd7 8.d5 Na5
9.Qd3 c5 10.e4 e5 11.dxe6 Bxe6 12.b3 Nc6 13.Bb2 Ng4 14.Rad1 Qa5 15.Qc2 Nge5
16.Nxe5 Nd4 17.Nc6 bxc6 18.Qd2 Rfb8 19.Ba1 Bh3 20.Kh1 Bxg2+ 21.Kxg2 Re8 22.Rfe1 Re6
23.h4 h5 24.Qd3 Rae8 25.Na4 Qa6 26.Bc3 R8e7 27.Bd2 Re8 28.Bc3 R8e7 29.Rb1 Re8
30.Rbd1  1/2-1/2

[Event "Moscow1"]
[Site "Moscow"]
[Date "1995.??.??"]
[Round "?"]
[White "Kharitonov, Andrei Y"]
[Black "Grechinin, Valery"]
[Result "1-0"]
[WhiteElo "2535"]
[BlackElo "2165"]

1.d4 g6 2.Nf3 Bg7 3.c4 Nf6 4.g3 O-O 5.Bg2 d6 6.O-O a6 7.Nc3 Nc6 8.d5 Na5
9.Nd2 c5 10.Rb1 e6 11.dxe6 Bxe6 12.Nde4 Nxe4 13.Nxe4 b5 14.Bg5 f6 15.Bf4 Ra7
16.Qxd6 Bxc4 17.Qxc5 Rd7 18.b3 Bxe2 19.Rfe1 Nb7 20.Qc6 Bd3 21.Rbc1 b4 22.Bc7 Qc8
23.Qe6+ Rdf7 24.Qd5 Bxe4 25.Rxe4 Rd8 26.Bf4 Qd7 27.Qxd7 Rfxd7 28.Rxb4 Rd1+
29.Bf1 Rxc1 30.Bxc1 Rd1 31.Be3 Nd6 32.Rd4 Rxd4 33.Bxd4 Nb5 34.Bxb5 axb5 35.a4  1-0

[Event "Moscow op2"]
[Site "Moscow"]
[Date "1995.??.??"]
[Round "1"]
[White "Gorelov, Sergey G"]
[Black "Cherniak, Anton S"]
[Result "1/2-1/2"]
[WhiteElo "2490"]
[BlackElo "2255"]

1.Nf3 g6 2.d4 Nf6 3.c4 Bg7 4.g3 O-O 5.Bg2 d6 6.O-O Nc6 7.Nc3 a6 8.h3 Rb8
9.Be3 Bd7 10.Rc1 b5 11.Nd2 e5 12.dxe5 Nxe5 13.cxb5 axb5 14.Bg5 Be6 15.Nde4 Ned7
16.Nxf6+ Bxf6 17.Bh6 b4 18.Nd5 Bxd5 19.Bxd5 Bxb2 20.Rc4 Bg7 21.Bxg7 Kxg7
22.Qd4+ Qf6 23.Rxb4 Qxd4 24.Rxd4 Rb2 25.Rc1 Nc5 26.e3 Rfb8  1/2-1/2

[Event "Moscow op2"]
[Site "Moscow"]
[Date "1995.??.??"]
[Round "2"]
[White "Tarasenko, A."]
[Black "Muratov, Vladimir A"]
[Result "1-0"]
[WhiteElo "2250"]
[BlackElo "2395"]

1.d4 Nf6 2.Nf3 g6 3.g3 Bg7 4.Bg2 O-O 5.c4 d6 6.O-O c5 7.Nc3 Nc6 8.dxc5 dxc5
9.Be3 Qa5 10.Bd2 Be6 11.Na4 Qc7 12.Nxc5 Bxc4 13.Rc1 Bd5 14.Qa4 Nd7 15.Bf4 e5
16.Nxd7 Qxd7 17.Nxe5 Bxe5 18.Rfd1 Bxf4 19.Qxf4 Qe7 20.Bxd5 Qxe2 21.Rd2 Qb5
22.Bc4 Qe5 23.Rd7 Qxf4 24.gxf4 Rab8 25.Bd5 Nd4 26.Rc4 Nc6 27.b4 a6 28.a4 a5
29.b5 Nd8 30.Rcc7 b6 31.Kg2 Kg7 32.Kf3 Kf6 33.Rd6+ Kg7 34.h4 h6 35.f5 gxf5
36.Kf4 Re8 37.Rdd7 Kf6 38.f3 Ne6+ 39.Bxe6 fxe6 40.Rf7+ Kg6 41.Ke5 Kh5 42.Rf6 Rh8
43.Kxe6 Kxh4 44.Rg6 Kh5 45.Rcg7 Rh7 46.Kxf5 Rf8+ 47.Ke4 Re8+ 48.Kd5 Rf8 49.Kc6 Rxg7
50.Rxg7 Rf6+ 51.Kb7 Kh4 52.Rc7 h5 53.Rc6 Rf4 54.Kxb6 Rxa4 55.Ka7 Rb4 56.b6 a4
57.b7 Rxb7+ 58.Kxb7 Kg3 59.Rc3 h4 60.Kc6 Kf4 61.Rc4+ Kg5 62.Rg4+ Kh5 63.Rxa4 h3  1-0